The growing - up feet / (Record no. 103069)
[ view plain ]
| 000 -LEADER | |
|---|---|
| fixed length control field | 00584nam a2200193 a 4500 |
| 005 - DATE AND TIME OF LATEST TRANSACTION | |
| control field | 20140412111249.0 |
| 008 - FIXED-LENGTH DATA ELEMENTS--GENERAL INFORMATION | |
| fixed length control field | 060117s19uu xx 00 eng d |
| 020 ## - INTERNATIONAL STANDARD BOOK NUMBER | |
| International Standard Book Number | 0-688-15470-0 |
| 050 ## - LIBRARY OF CONGRESS CALL NUMBER | |
| Classification number | TR(PS E |
| Item number | Gr89 1987 |
| 100 ## - MAIN ENTRY--PERSONAL NAME | |
| Personal name | Cleary, Beverly |
| 245 ## - TITLE STATEMENT | |
| Title | The growing - up feet / |
| Statement of responsibility, etc | Beverly Cleary. |
| 260 ## - PUBLICATION, DISTRIBUTION, ETC. (IMPRINT) | |
| Place of publication, distribution, etc | New York : |
| Name of publisher, distributor, etc | Mulberry books, |
| Date of publication, distribution, etc | 1987. |
| 300 ## - PHYSICAL DESCRIPTION | |
| Extent | 31 |
| 520 ## - SUMMARY, ETC. | |
| Summary, etc | The twins' feet haven't "grown up" enough for new shoes, so they get bright boots instead. |
| 650 ## - SUBJECT ADDED ENTRY--TOPICAL TERM | |
| Topical term or geographic name as entry element | Shoes - fiction |
| 650 ## - SUBJECT ADDED ENTRY--TOPICAL TERM | |
| Topical term or geographic name as entry element | boots-fiction |
| 650 ## - SUBJECT ADDED ENTRY--TOPICAL TERM | |
| Topical term or geographic name as entry element | Twins-fiction |
| Withdrawn status | Lost status | Damaged status | Home library | Current library | Shelving location | Date acquired | Source of acquisition | Cost, normal purchase price | Total Checkouts | Full call number | Barcode | Date last seen | Price effective from | Koha item type |
|---|---|---|---|---|---|---|---|---|---|---|---|---|---|---|
| Elizalde Library | Elizalde Library | Teachers Reference Section | 01/17/2006 | 185.00 | TR(PS E Gr89 1987 | E3754 | 04/12/2014 | 04/12/2014 | Books |